[Event "Lichtenberger Sommer 2024"]
[Site "Berlin"]
[Date "2024.08.17"]
[Round "8.50"]
[White "Schulz-Vernholz, Daniel"]
[Black "Lorenz, Veronika"]
[Result "1/2-1/2"]
[WhiteElo "1400"]
[BlackElo "1884"]
[PlyCount "103"]
[EventDate "2024.08.10"]
[WhiteTeam "vereinslos"]
[BlackTeam "TSG Oberschöneweide e.V."]

1. c4 c5 2. Nc3 g6 3. g3 Bg7 4. Bg2 Nc6 5. e3 e6 6. Nge2 Nge7 7. d4 cxd4 8.
exd4 O-O 9. O-O d5 10. cxd5 Nxd5 11. Nxd5 exd5 12. Be3 Bg4 13. Re1 Re8 14. h3
Bxe2 15. Rxe2 Qa5 16. Rc2 Ne7 17. Rc5 Qb4 18. b3 Nf5 19. a3 Qb6 20. Qd3 Nxe3
21. fxe3 Bh6 22. Re1 Qd6 23. Kh2 Rac8 24. Rxd5 Qxa3 25. Rd7 Qb4 26. Qf1 Re7 27.
Rxe7 Qxe7 28. Bd5 Rc2+ 29. Kh1 Rc3 30. Qf3 Rxe3 31. Rxe3 Bxe3 32. Bxf7+ Kg7 33.
Bd5 Bxd4 34. Qe4 Qf6 35. Qf3 Qe7 36. Qe4 Qf6 37. Qf3 b5 38. Kg2 a5 39. Qxf6+
Kxf6 40. Bc6 b4 41. Kf3 Ke5 42. g4 g5 43. Ba4 Bc5 44. Bb5 Kd4 45. Ba4 Kc3 46.
Kg2 Kc2 47. Kf3 Kd2 48. Kg2 Ke1 49. Bb5 Kd2 50. Ba4 Kc2 51. Kf3 Kd2 52. Kg2
1/2-1/2

[Event "Lichtenberger Sommer 2024"]
[Site "Berlin"]
[Date "2024.08.17"]
[Round "8.51"]
[White "Lieder, Guenter"]
[Black "Arikan, Yanki"]
[Result "0-1"]
[WhiteElo "1878"]
[BlackElo "1573"]
[PlyCount "86"]
[EventDate "2024.08.10"]
[WhiteTeam "SG WiHeil"]
[BlackTeam "vereinslos"]

1. e4 c5 2. Nc3 Nc6 3. g3 e6 4. Bg2 Nf6 5. f4 d5 6. e5 Nd7 7. Nf3 Be7 8. O-O
O-O 9. d3 Rb8 10. a4 a6 11. Bd2 b5 12. axb5 axb5 13. b3 b4 14. Na4 Qc7 15. Be1
Ba6 16. Bf2 Na5 17. Nb2 Bb5 18. Nd2 Rfd8 19. Qe2 Nc6 20. Nf3 Rbc8 21. Ra2 Nd4
22. Qd2 Nxf3+ 23. Bxf3 Ra8 24. Rfa1 Rxa2 25. Rxa2 c4 26. bxc4 dxc4 27. Qe2 cxd3
28. Nxd3 Nc5 29. Bxc5 Bxc5+ 30. Kg2 Bb6 31. Be4 Qc3 32. Qh5 h6 33. f5 Bxd3 34.
cxd3 Qxe5 35. Ra6 Qc5 36. Qg4 exf5 37. Bxf5 b3 38. Be4 b2 39. d4 Qxd4 40. Qf3
Qg1+ 41. Kh3 b1=Q 42. Bxb1 Qxb1 43. Qb7 Qf5+ 0-1

[Event "Lichtenberger Sommer 2024"]
[Site "Berlin"]
[Date "2024.08.17"]
[Round "8.52"]
[White "Thümler, Floris"]
[Black "Bradschetl, Tom"]
[Result "1-0"]
[WhiteElo "1874"]
[BlackElo "1662"]
[PlyCount "77"]
[EventDate "2024.08.10"]
[WhiteTeam "SV Königsjäger Süd-West e.V."]
[BlackTeam "SG NARVA Berlin e.V."]

1. e4 d5 2. exd5 Qxd5 3. Nc3 Qa5 4. d4 Nf6 5. Nf3 Bf5 6. Bd3 Bg6 7. O-O e6 8.
Qe2 Be7 9. Bd2 c6 10. Rfe1 Nbd7 11. Bxg6 hxg6 12. Ng5 Nf8 13. Rad1 Nd5 14. Nge4
Qc7 15. h3 Nd7 16. Qf3 O-O 17. Nxd5 cxd5 18. Nc3 Bf6 19. Bf4 Qb6 20. Qd3 a6 21.
b3 Rfc8 22. Na4 Qa5 23. Rc1 b5 24. Bd2 Qd8 25. Nb2 Qb6 26. Be3 Rc6 27. Re2 Rac8
28. c4 bxc4 29. bxc4 dxc4 30. Rxc4 Rxc4 31. Nxc4 Qd8 32. Nd6 Rc6 33. Bf4 Be7
34. d5 Rxd6 35. Bxd6 Bxd6 36. dxe6 Nc5 37. e7 Qxe7 38. Rxe7 Nxd3 39. Rd7 1-0

[Event "Lichtenberger Sommer 2024"]
[Site "Berlin"]
[Date "2024.08.17"]
[Round "8.53"]
[White "Kretzschmar, Jan"]
[Black "Jozsa, Lev"]
[Result "1-0"]
[WhiteElo "1869"]
[BlackElo "1505"]
[PlyCount "153"]
[EventDate "2024.08.10"]
[WhiteTeam "SC Kreuzberg e.V."]
[BlackTeam "SV Empor Berlin e.V."]

1. d4 d5 2. Nf3 Nf6 3. c4 c6 4. g3 e6 5. Bg2 Bd6 6. Nbd2 Nbd7 7. O-O O-O 8. b3
Re8 9. Bb2 Nf8 10. Qc2 Ng6 11. e4 dxe4 12. Nxe4 Be7 13. Rad1 Qc7 14. Rfe1 Nxe4
15. Qxe4 Bf6 16. h4 Bd7 17. Qb1 h5 18. Ne5 Bxe5 19. dxe5 Rad8 20. Bf3 Bc8 21.
Bxh5 Rxd1 22. Qxd1 Rd8 23. Qc2 Ne7 24. Bf3 Nf5 25. Rd1 Re8 26. Kg2 c5 27. Qe4
Re7 28. Bc3 b6 29. Qc6 Bb7 30. Qxc7 Rxc7 31. Rd8+ Kh7 32. Bxb7 Rxb7 33. Kh3 Ne7
34. g4 Nc6 35. Rd6 Rc7 36. f4 Ne7 37. Kg3 g6 38. Kf3 Kg7 39. Bb2 Nc8 40. Rd8
Ne7 41. Bc3 Nc6 42. Rd6 Ne7 43. Ke3 Nc8 44. Kd2 Rb7 45. Rd8 Ne7 46. Kc2 Nc6 47.
Rd6 Ne7 48. a3 Nc8 49. Rd8 Ne7 50. b4 cxb4 51. axb4 Rc7 52. Kb3 Nc6 53. Rd6 Nb8
54. b5 Nd7 55. Bd4 Rb7 56. Kb4 Rc7 57. f5 Nf8 58. c5 gxf5 59. cxb6 axb6 60.
Bxb6 Rb7 61. gxf5 exf5 62. Be3 Ng6 63. Bg5 f4 64. h5 Ne7 65. Bxf4 Nc8 66. Rd8
Na7 67. Rd5 Re7 68. Bg5 Re6 69. Rd6 Re8 70. Bf6+ Kh6 71. Rd8 Rxd8 72. Bxd8 Nxb5
73. Kxb5 Kxh5 74. Kc6 Kg6 75. Kd7 Kg7 76. Bf6+ Kg8 77. Ke8 1-0

[Event "Lichtenberger Sommer 2024"]
[Site "Berlin"]
[Date "2024.08.17"]
[Round "8.54"]
[White "Simcaks, Sergejs"]
[Black "Pöltelt, Helmut"]
[Result "1-0"]
[WhiteElo "1955"]
[BlackElo "1764"]
[PlyCount "74"]
[EventDate "2024.08.10"]
[WhiteTeam "SSC Graal-Müritz"]
[BlackTeam "SC Eintracht Berlin e.V."]

1. e4 c5 2. Nf3 e6 3. d4 cxd4 4. Nxd4 Nc6 5. Nc3 a6 6. Bc4 Be7 7. O-O b5 8. Bb3
Bb7 9. Kh1 Bf6 10. Be3 Nxd4 11. Bxd4 b4 12. e5 Be7 13. Na4 Qc7 14. Qg4 Kf8 15.
Rad1 Nh6 16. Qf4 Nf5 17. Nb6 Rd8 18. Rd3 Nxd4 19. Qxd4 d5 20. Na4 f5 21. exf6
gxf6 22. Qe3 Qc6 23. Re1 d4 24. Qh6+ Ke8 25. Qh5+ Kf8 26. Rg3 Rd6 27. Nc5 Bc8
28. Qh6+ Ke8 29. Ba4 Qxa4 30. Nxa4 Rc6 31. Qg7 Rf8 32. Qxh7 e5 33. Rg7 Rc7 34.
Nc5 a5 35. Nd3 Kd8 36. Nf4 Re8 37. Nd5 Rxc2 1-0

[Event "Lichtenberger Sommer 2024"]
[Site "Berlin"]
[Date "2024.08.17"]
[Round "8.55"]
[White "Krüger, Ekkehard"]
[Black "Allington, John C"]
[Result "1/2-1/2"]
[WhiteElo "1894"]
[BlackElo "1735"]
[PlyCount "60"]
[EventDate "2024.08.10"]
[WhiteTeam "SG NARVA Berlin e.V."]
[BlackTeam "vereinslos"]

1. e4 c5 2. Nf3 e6 3. d4 cxd4 4. Nxd4 Nc6 5. Be2 Qc7 6. O-O Nf6 7. Nc3 a6 8.
Nxc6 bxc6 9. Bf3 d5 10. Be3 Rb8 11. exd5 cxd5 12. Na4 Bd6 13. h3 O-O 14. b3 Bd7
15. Nb2 Rfd8 16. c4 dxc4 17. Nxc4 Bb5 18. Qe2 Nd5 19. Rac1 Nf4 20. Bxf4 Bxf4
21. Rc2 Rd4 22. g3 Bh6 23. Be4 Rbd8 24. a4 Bxc4 25. Rxc4 Rxc4 26. Qxc4 Qb6 27.
Kg2 a5 28. Bf3 g6 29. Rd1 Rxd1 30. Bxd1 Bf8 1/2-1/2

[Event "Lichtenberger Sommer 2024"]
[Site "Berlin"]
[Date "2024.08.17"]
[Round "8.56"]
[White "Bandsom, Olaf"]
[Black "Pruner, Ulf"]
[Result "1/2-1/2"]
[WhiteElo "1876"]
[BlackElo "1676"]
[PlyCount "45"]
[EventDate "2024.08.10"]
[WhiteTeam "SC Friesen Lichtenberg e.V."]
[BlackTeam "SF Berlin 1903 e.V."]

1. e4 c5 2. Nf3 d6 3. Bc4 g6 4. c3 Bg7 5. d4 cxd4 6. cxd4 Nc6 7. Be3 Nf6 8. Nc3
h5 9. h3 Bd7 10. e5 dxe5 11. dxe5 Nh7 12. Bd4 Nxd4 13. Qxd4 Bc6 14. Bd5 Bxd5
15. Qxd5 O-O 16. Qxd8 Rfxd8 17. O-O Rac8 18. Rfd1 Kf8 19. Kf1 Ke8 20. Rxd8+
Rxd8 21. Ke2 Bh6 22. Rd1 Rxd1 23. Nxd1 1/2-1/2

[Event "Lichtenberger Sommer 2024"]
[Site "Berlin"]
[Date "2024.08.17"]
[Round "8.57"]
[White "Kohlmeyer, Dagobert"]
[Black "Varazi, Maxime"]
[Result "1-0"]
[WhiteElo "1872"]
[BlackElo "1689"]
[PlyCount "121"]
[EventDate "2024.08.10"]
[WhiteTeam "SG Weißensee 49 e.V."]
[BlackTeam "SV Empor Berlin e.V."]

1. e4 c5 2. Nf3 e6 3. d4 cxd4 4. Nxd4 Nc6 5. Nb5 d6 6. c4 a6 7. N5c3 Nf6 8. Be3
Be7 9. Be2 O-O 10. O-O Qc7 11. Nd2 Bd7 12. Nb3 Ne5 13. Rc1 Bc6 14. f4 Ng6 15.
Bf3 Rad8 16. Nd4 Bd7 17. b3 e5 18. Nde2 Bc6 19. Nd5 Qd7 20. f5 Nh4 21. Nec3 g6
22. Nxe7+ Qxe7 23. Bg5 Nxf3+ 24. Qxf3 Kg7 25. Qe3 Kg8 26. Nd5 Bxd5 27. cxd5 Rd7
28. h3 Kh8 29. Rc4 Kg8 30. Bh6 Re8 31. fxg6 fxg6 32. Bg5 Rf8 33. Qf3 Kg7 34.
Qe3 Kg8 35. Rc2 Qd8 36. Rcf2 Rdf7 37. Bh6 Qe7 38. Bxf8 Qxf8 39. g4 h6 40. Kg2
g5 41. Rf5 Kh7 42. R1f3 Kg8 43. Qe2 Kg7 44. Qf1 Kg6 45. Kh2 Kg7 46. Qc4 Qe7 47.
Rc3 Ne8 48. a4 Kh7 49. Qc8 Ng7 50. Rff3 Kg6 51. Kg2 Kh7 52. Rxf7 Qxf7 53. Rf3
Qe7 54. b4 b5 55. a5 Qa7 56. Qc3 Qd7 57. Qc6 Qa7 58. Qb6 Qa8 59. Qxd6 Qa7 60.
Qb6 Qe7 61. d6 1-0

[Event "Lichtenberger Sommer 2024"]
[Site "Berlin"]
[Date "2024.08.17"]
[Round "8.59"]
[White "Rennspieß, Jens"]
[Black "Aisch, Julian"]
[Result "0-1"]
[WhiteElo "1839"]
[BlackElo "1622"]
[PlyCount "38"]
[EventDate "2024.08.10"]
[WhiteTeam "SV Berolina Mitte e.V."]
[BlackTeam "SF Nordost Berlin"]

1. e4 c6 2. d4 d5 3. Nc3 dxe4 4. Nxe4 Nf6 5. Nxf6+ exf6 6. Nf3 Bd6 7. Be2 O-O
8. O-O Bf5 9. Be3 Re8 10. Qd2 Nd7 11. Rad1 Nb6 12. c4 Bc7 13. h3 Qd7 14. h4
Rad8 15. Rfe1 Qe6 16. b3 Bg4 17. g3 Bxg3 18. fxg3 Qxe3+ 19. Kg2 Bxf3+ 0-1

[Event "Lichtenberger Sommer 2024"]
[Site "Berlin"]
[Date "2024.08.17"]
[Round "8.60"]
[White "Kopbauer, René"]
[Black "Manthe, Joern Horst"]
[Result "1-0"]
[WhiteElo "1832"]
[BlackElo "1437"]
[PlyCount "62"]
[EventDate "2024.08.10"]
[WhiteTeam "TSG Oberschöneweide e.V."]
[BlackTeam "vereinslos"]

1. e4 Nc6 2. d4 d5 3. e5 e6 4. Nf3 a5 5. Bb5 Bd7 6. Bd2 h6 7. Bc3 g5 8. a4 Nge7
9. h3 Bg7 10. Nh2 Ng6 11. Nd2 Qe7 12. Nb3 b6 13. Nc1 h5 14. Qf3 Nh4 15. Qg3 Nf5
16. Qd3 Kf8 17. Ne2 Nb4 18. Bxb4 c5 19. Bxd7 Qxd7 20. Bd2 f6 21. Nf3 Qc6 22.
exf6 Bxf6 23. Bxg5 Bxg5 24. Nxg5 Ke7 25. Nf3 Qe8 26. Nf4 Rh6 27. Nxd5+ Kd8 28.
Nxb6 Ra7 29. dxc5+ Rd7 30. Qxd7+ Qxd7 31. Nxd7 Kxd7 1-0

[Event "Lichtenberger Sommer 2024"]
[Site "Berlin"]
[Date "2024.08.17"]
[Round "8.61"]
[White "Ali, Maha"]
[Black "Shevlyakov, Aleksandr"]
[Result "0-1"]
[WhiteElo "1527"]
[BlackElo "1824"]
[PlyCount "76"]
[EventDate "2024.08.10"]
[WhiteTeam "SC Kreuzberg e.V."]
[BlackTeam "vereinslos"]

1. d4 Nf6 2. c4 g6 3. Nc3 d5 4. cxd5 Nxd5 5. e4 Nxc3 6. bxc3 Bg7 7. Qa4+ Nd7 8.
Nf3 O-O 9. Be2 a6 10. O-O b5 11. Qc2 c5 12. Be3 Qc7 13. e5 cxd4 14. Bxd4 Bb7
15. e6 fxe6 16. Bxg7 Kxg7 17. Nd4 Rf6 18. Bg4 e5 19. Ne6+ Rxe6 20. Bxe6 Qc6 21.
Bh3 Nf6 22. f3 e4 23. fxe4 Nxe4 24. Rae1 Rd8 25. Re2 Ng5 26. Rxe7+ Kh8 27. Re3
Qc5 28. Qf2 Ne4 29. Qf3 Kg7 30. Kh1 Qc4 31. Rfe1 Rd2 32. Kg1 Qc5 33. Kf1 Rf2+
34. Qxf2 Nxf2 35. Kxf2 Bd5 36. R1e2 Qf8+ 37. Kg1 Bc4 38. Rd2 Qf1# 0-1

[Event "Lichtenberger Sommer 2024"]
[Site "Berlin"]
[Date "2024.08.17"]
[Round "8.62"]
[White "Schmitz, Christopher"]
[Black "Goldmann, Nils"]
[Result "1-0"]
[WhiteElo "1817"]
[BlackElo "1611"]
[PlyCount "55"]
[EventDate "2024.08.10"]
[WhiteTeam "TSG Oberschöneweide e.V."]
[BlackTeam "vereinslos"]

1. e4 e6 2. d4 d5 3. e5 c5 4. c3 Nc6 5. Nf3 Qb6 6. Bd3 Bd7 7. dxc5 Bxc5 8. O-O
a5 9. Nbd2 Qc7 10. Nb3 Ba7 11. Re1 Nge7 12. Nbd4 Nxd4 13. cxd4 b5 14. Be3 h6
15. Rc1 Qb7 16. a3 O-O 17. Qd2 Nf5 18. Bxf5 exf5 19. Bxh6 gxh6 20. Qxh6 Qb6 21.
e6 Bxe6 22. Ng5 Rfe8 23. Qh7+ Kf8 24. Qh8+ Ke7 25. Qg7 Kd7 26. Nxf7 Qxd4 27.
Ne5+ Kd8 28. Qc7# 1-0

[Event "Lichtenberger Sommer 2024"]
[Site "Berlin"]
[Date "2024.08.17"]
[Round "8.63"]
[White "Regel, Michael"]
[Black "Romanotto, Leonardo"]
[Result "1-0"]
[WhiteElo "1804"]
[BlackElo "1499"]
[PlyCount "120"]
[EventDate "2024.08.10"]
[WhiteTeam "SC Friesen Lichtenberg e.V."]
[BlackTeam "SV Mattnetz Berlin e.V."]

1. d4 Nf6 2. Nf3 e6 3. g3 b6 4. Bg2 Bb7 5. O-O Be7 6. c4 O-O 7. Nc3 d6 8. Qc2
Nbd7 9. e4 c5 10. d5 exd5 11. exd5 Ba6 12. b3 Rb8 13. a4 Ng4 14. Nb5 Ra8 15.
Bf4 Bxb5 16. axb5 Nb8 17. h3 Nf6 18. Rfe1 Nh5 19. Bd2 a5 20. Re2 Re8 21. Rae1
Nd7 22. Bg5 Nhf6 23. Nh4 h6 24. Bc1 Bf8 25. Rxe8 Nxe8 26. Nf5 Ne5 27. f4 Ng6
28. Bb2 Be7 29. Nxe7+ Nxe7 30. Qc3 Nf5 31. Qd3 Qd7 32. Be4 Ne7 33. Kh2 a4 34.
Ra1 a3 35. Bxa3 Nf6 36. Bg2 Qf5 37. Qxf5 Nxf5 38. Bb2 Rxa1 39. Bxa1 Ne3 40.
Bxf6 gxf6 41. Be4 f5 42. Bd3 Nd1 43. Bxf5 Nc3 44. Kg2 Na2 45. Kf3 Kg7 46. g4
Kf6 47. Ke3 h5 48. Bc2 hxg4 49. hxg4 Nb4 50. Bb1 Kg7 51. Kf3 Kh6 52. Kg3 Kg7
53. Kh4 f5 54. gxf5 Kf6 55. Kh5 Na2 56. Bxa2 Kxf5 57. Bb1+ Kxf4 58. Kg6 Ke3 59.
Kf6 Kd4 60. Ke6 Ke3 1-0

[Event "Lichtenberger Sommer 2024"]
[Site "Berlin"]
[Date "2024.08.17"]
[Round "8.64"]
[White "Uhlenbrock, Sven"]
[Black "Runge, David Pascal"]
[Result "0-1"]
[WhiteElo "1780"]
[BlackElo "1448"]
[PlyCount "68"]
[EventDate "2024.08.10"]
[WhiteTeam "vereinslos"]
[BlackTeam "SG Lasker Steglitz"]

1. d4 d5 2. Bf4 Nf6 3. e3 e6 4. Nd2 c5 5. c3 Bd6 6. Bg3 Qc7 7. dxc5 Qxc5 8.
Ngf3 Nbd7 9. Bd3 O-O 10. e4 dxe4 11. Nxe4 Nxe4 12. Bxe4 Bxg3 13. hxg3 Nf6 14.
Qe2 h6 15. O-O-O Rb8 16. Bc2 b6 17. Ne5 Bb7 18. f4 Rfd8 19. Rde1 Qd5 20. Bb3
Qxg2 21. Qxg2 Bxg2 22. Rh2 Bd5 23. Bxd5 Rxd5 24. f5 exf5 25. Nc6 Rbd8 26. Nxd8
Rxd8 27. Re7 Rd7 28. Rxd7 Nxd7 29. Rd2 Nc5 30. Re2 Kf8 31. c4 Ne4 32. g4 Ng3
33. Rf2 f4 34. Kd2 Ne4+ 0-1

[Event "Lichtenberger Sommer 2024"]
[Site "Berlin"]
[Date "2024.08.17"]
[Round "8.66"]
[White "Bunkens, Rudi"]
[Black "Berndt, Ronson"]
[Result "0-1"]
[WhiteElo "1739"]
[BlackElo "1813"]
[PlyCount "110"]
[EventDate "2024.08.10"]
[WhiteTeam "Koninklijke Gentse SK"]
[BlackTeam "SC Borussia Lichtenberg"]

1. d4 d5 2. Nf3 Nf6 3. g3 Bf5 4. c4 c6 5. Bg2 e6 6. O-O Bd6 7. Nbd2 O-O 8. b3
Ne4 9. Nh4 Nxd2 10. Qxd2 Qf6 11. Bb2 Nd7 12. Rac1 h6 13. Nxf5 Qxf5 14. Qc2 Qxc2
15. Rxc2 f5 16. e3 Nf6 17. Re1 g5 18. f4 g4 19. a3 Kf7 20. Ra1 h5 21. Bc3 Rh8
22. c5 Bc7 23. Rcc1 h4 24. Kf2 h3 25. Bh1 Rac8 26. Rcb1 Bd8 27. Ke2 Ke7 28. Kd3
Kd7 29. Bd2 Ne8 30. Be1 Nc7 31. Bd2 Nb5 32. Kc2 b6 33. Kd3 bxc5 34. dxc5 Bf6
35. Ra2 Rb8 36. a4 Nc7 37. Rc2 Na6 38. b4 Be7 39. Rcc1 Rb7 40. Kd4 Bf6+ 41. Kd3
Rhb8 42. b5 Be7 43. Kd4 Nxc5 44. Rxc5 Bxc5+ 45. Kxc5 cxb5 46. Bxd5 exd5 47.
Kxd5 bxa4 48. Re1 Rb2 49. Bc3 Rxh2 50. e4 fxe4 51. Rxe4 Rb5+ 52. Kc4 a6 53. Re1
Rc2 54. Kd3 Rxc3+ 55. Kxc3 Rb3+ 0-1

[Event "Lichtenberger Sommer 2024"]
[Site "Berlin"]
[Date "2024.08.17"]
[Round "8.67"]
[White "Fiedler, Ronald"]
[Black "Bastian, Reinhard"]
[Result "0-1"]
[WhiteElo "1736"]
[BlackElo "1803"]
[PlyCount "74"]
[EventDate "2024.08.10"]
[WhiteTeam "SVG Läufer Reinickendorf e.V."]
[BlackTeam "vereinslos"]

1. d4 e6 2. e4 d5 3. exd5 exd5 4. Be2 Nc6 5. c3 Bf5 6. Nf3 Bd6 7. Be3 Qd7 8.
Nbd2 Nf6 9. b4 Ng4 10. Nf1 O-O 11. h3 Nf6 12. N1d2 Ne4 13. Nxe4 dxe4 14. Nh4
Bg6 15. Bh5 Be7 16. Nxg6 hxg6 17. Be2 f5 18. Bc4+ Kh7 19. g3 Nd8 20. h4 Nf7 21.
Qd2 b5 22. Bb3 a5 23. h5 g5 24. Bxf7 Rxf7 25. Bxg5 axb4 26. h6 g6 27. Bxe7 Rxe7
28. cxb4 e3 29. fxe3 Rxe3+ 30. Kf2 Rea3 31. Qe3 Rxe3 32. Kxe3 Qe7+ 33. Kf2 Qxb4
34. Rae1 Qxd4+ 35. Re3 g5 36. Ke2 Qc4+ 37. Rd3 Qe4+ 0-1

[Event "Lichtenberger Sommer 2024"]
[Site "Berlin"]
[Date "2024.08.17"]
[Round "8.68"]
[White "Ollhoff, Hannes"]
[Black "Zesewitz, Marco"]
[Result "0-1"]
[WhiteElo "1802"]
[BlackElo "1689"]
[PlyCount "84"]
[EventDate "2024.08.10"]
[WhiteTeam "TSG Oberschöneweide e.V."]
[BlackTeam "SV SF Friedrichshagen"]

1. d4 f5 2. c4 Nf6 3. Nc3 e6 4. Nf3 Bb4 5. Qc2 O-O 6. Bf4 b6 7. e3 Bb7 8. Be2
Ne4 9. a3 Bxc3+ 10. bxc3 d6 11. h3 g5 12. Bh2 Qf6 13. Bd3 Nd7 14. O-O-O e5 15.
Rdf1 exd4 16. exd4 c5 17. Kb1 cxd4 18. cxd4 b5 19. cxb5 Rac8 20. Qb3+ Kg7 21.
Bxe4 Bxe4+ 22. Ka1 Bxf3 23. gxf3 Qxd4+ 24. Qb2 Qxb2+ 25. Kxb2 f4 26. h4 h6 27.
Rhg1 Rf5 28. a4 Ne5 29. hxg5 hxg5 30. Rd1 Nxf3 31. Rg2 d5 32. Kb3 d4 33. Kb2
Kf6 34. Kb1 Rd5 35. Bxf4 gxf4 36. Rg4 Kf5 37. Rg7 d3 38. Rh7 d2 39. Rh3 Ke4 40.
Rhh1 Rd4 41. Kb2 Rxa4 42. Kb3 Rac4 0-1

[Event "Lichtenberger Sommer 2024"]
[Site "Berlin"]
[Date "2024.08.17"]
[Round "8.69"]
[White "Mazurtsova, Margarita"]
[Black "Kaplan, Arne"]
[Result "1/2-1/2"]
[WhiteElo "1792"]
[BlackElo "1687"]
[PlyCount "94"]
[EventDate "2024.08.10"]
[WhiteTeam "SC Kreuzberg e.V."]
[BlackTeam "Barnimer SF im SV Sta"]

1. c4 e5 2. Nc3 Nf6 3. g3 c6 4. e4 d5 5. exd5 cxd5 6. cxd5 Nxd5 7. a3 Nc6 8.
Bg2 Nb6 9. Nf3 Be7 10. O-O O-O 11. Re1 Bf6 12. Ne4 Bf5 13. b4 Bxe4 14. Rxe4 Qd3
15. Ne1 Qd6 16. Bb2 Rfd8 17. Bc3 Nd5 18. Qc1 Nd4 19. Qb2 Rac8 20. Nf3 Nb6 21.
Bxd4 exd4 22. d3 Na4 23. Qb3 Nc3 24. Ree1 h6 25. Nd2 b6 26. Nc4 Qd7 27. a4 Qf5
28. Be4 Nxe4 29. Rxe4 Qd7 30. b5 Rc5 31. Rae1 Rh5 32. Qc2 Qh3 33. f4 Qd7 34.
Qe2 g6 35. Re8+ Kg7 36. Rxd8 Qxd8 37. Qf3 Rc5 38. Kg2 Rc7 39. Kf2 h5 40. Re2
Qf8 41. Re1 Qb4 42. Qd1 Rd7 43. Re2 Rc7 44. Rb2 Qc5 45. Re2 Qb4 46. Re8 Rd7 47.
Re2 Rc7 1/2-1/2

[Event "Lichtenberger Sommer 2024"]
[Site "Berlin"]
[Date "2024.08.17"]
[Round "8.70"]
[White "Reißmann, Edmund"]
[Black "Stein, Siegfried"]
[Result "1/2-1/2"]
[WhiteElo "1720"]
[BlackElo "1783"]
[PlyCount "101"]
[EventDate "2024.08.10"]
[WhiteTeam "SV Erzgebirge Stollberg"]
[BlackTeam "SV Berolina Mitte e.V."]

1. d4 Nf6 2. Nf3 g6 3. Bg5 Bg7 4. e3 O-O 5. Nbd2 c5 6. c3 cxd4 7. exd4 Nc6 8.
Bd3 h6 9. Bh4 g5 10. Bg3 d6 11. Qc2 Re8 12. O-O-O e5 13. dxe5 dxe5 14. Ne4 Nxe4
15. Bxe4 Qb6 16. h4 g4 17. Nd2 Be6 18. Kb1 Rac8 19. a3 f5 20. Bxf5 Bf7 21. Be4
Nd4 22. Qd3 Nb5 23. Kc2 Nxa3+ 24. bxa3 Red8 25. Qe3 Qa6 26. Rb1 Qxa3 27. Rxb7
Qa4+ 28. Kb2 Rxd2+ 29. Qxd2 Qxe4 30. Rxf7 Rb8+ 31. Ka1 Qa4+ 32. Qa2 Qxa2+ 33.
Kxa2 Kxf7 34. Re1 Rb5 35. Re4 h5 36. Ka3 Ke6 37. Rb4 Bf8 38. Ka4 Bxb4 39. Kxb5
Bxc3 40. Ka6 Bd4 41. Kb5 Kd5 42. f3 gxf3 43. gxf3 Be3 44. Kb4 Kd4 45. Kb3 Kd5
46. Kb4 Bd4 47. Kb3 Kc5 48. f4 exf4 49. Bxf4 Kb5 50. Bd2 a5 51. Bxa5 1/2-1/2

[Event "Lichtenberger Sommer 2024"]
[Site "Berlin"]
[Date "2024.08.17"]
[Round "8.71"]
[White "Ahmadov, Ahmad"]
[Black "Buehring, Stefan"]
[Result "0-1"]
[WhiteElo "1620"]
[BlackElo "1780"]
[PlyCount "78"]
[EventDate "2024.08.10"]
[WhiteTeam "SV Empor Berlin e.V."]
[BlackTeam "vereinslos"]

1. e4 c6 2. d4 d5 3. Nc3 dxe4 4. Nxe4 Nf6 5. Nxf6+ exf6 6. Ne2 Bd6 7. g3 O-O 8.
Bg2 Re8 9. O-O Bg4 10. f3 Be6 11. Qd3 Nd7 12. Nf4 Nf8 13. Nxe6 Nxe6 14. f4 Qc7
15. b3 Rad8 16. Bb2 Nc5 17. Qf5 Na6 18. Be4 g6 19. Qxf6 Re6 20. Qg5 Be7 21. Qh6
Bf8 22. Qg5 Rxe4 23. d5 Bg7 24. Bxg7 Kxg7 25. f5 f6 26. Qd2 Rxd5 27. Qc3 Qe5
28. Qf3 g5 29. Rad1 Rxd1 30. Rxd1 Re1+ 31. Rxe1 Qxe1+ 32. Kg2 Nc5 33. Qh5 Qe4+
34. Kf2 Qxc2+ 35. Ke3 Qd3+ 36. Kf2 Qxf5+ 37. Ke3 Qe4+ 38. Kf2 Nd3+ 39. Kg1 c5
0-1

[Event "Lichtenberger Sommer 2024"]
[Site "Berlin"]
[Date "2024.08.17"]
[Round "8.72"]
[White "Siebert, Marco Leander"]
[Black "Wahner, Eberhard"]
[Result "1-0"]
[WhiteElo "1683"]
[BlackElo "1775"]
[PlyCount "91"]
[EventDate "2024.08.10"]
[WhiteTeam "SC Tempo Göttingen"]
[BlackTeam "SC Eintracht Berlin e.V."]

1. e4 e6 2. d4 d5 3. Nc3 Bb4 4. Nge2 dxe4 5. a3 Be7 6. Nxe4 Nf6 7. Nxf6+ Bxf6
8. Be3 b6 9. Qd2 Bb7 10. O-O-O Nd7 11. f3 O-O 12. Ng3 a5 13. Ne4 Be7 14. Bc4 c6
15. a4 Bb4 16. Qf2 Be7 17. h4 Ba6 18. Bxa6 Rxa6 19. h5 b5 20. Qe2 Qb8 21. Nc3
Rb6 22. d5 Bc5 23. dxe6 Bxe3+ 24. Qxe3 Ne5 25. exf7+ Nxf7 26. Qc5 b4 27. Ne4
Qf4+ 28. Kb1 Rfb8 29. Nd6 h6 30. Nxf7 Qxf7 31. Rhe1 b3 32. c3 Qf4 33. Re4 Qf6
34. Rd6 Qf8 35. Qe5 Qf7 36. Qe6 Qxe6 37. Rexe6 Rc8 38. Rd7 Kf8 39. Ree7 Re8 40.
Rxe8+ Kxe8 41. Rxg7 c5 42. Rg6 Rxg6 43. hxg6 h5 44. f4 Ke7 45. Kc1 Kf6 46. f5
1-0

[Event "Lichtenberger Sommer 2024"]
[Site "Berlin"]
[Date "2024.08.17"]
[Round "8.73"]
[White "Vaz da Cruz, Vinicius"]
[Black "Schmidt, Alexander Nadvid"]
[Result "1-0"]
[WhiteElo "1768"]
[BlackElo "1683"]
[PlyCount "55"]
[EventDate "2024.08.10"]
[WhiteTeam "SSV Rotation Berlin e.V."]
[BlackTeam "SK Zehlendorf e.V."]

1. e4 e5 2. Nf3 Nc6 3. Bc4 Bc5 4. O-O d6 5. h3 Nf6 6. Re1 O-O 7. c3 Re8 8. b4
Bb6 9. Ng5 d5 10. exd5 Ne7 11. Rxe5 Qd6 12. d4 h6 13. Ne4 Nxe4 14. Rxe4 a5 15.
Bf4 Qg6 16. Qe2 Kf8 17. Re3 axb4 18. Bd3 f5 19. Be5 Qf7 20. d6 Nd5 21. Bxg7+
Kxg7 22. Rxe8 Nf4 23. Qe5+ Kh7 24. Bxf5+ Qxf5 25. Rh8+ Kg6 26. Rg8+ Kf7 27.
Rg7+ Kf8 28. Qe7# 1-0

[Event "Lichtenberger Sommer 2024"]
[Site "Berlin"]
[Date "2024.08.17"]
[Round "8.74"]
[White "Grassnickel, Lutz"]
[Black "Albrecht, Constantin"]
[Result "1-0"]
[WhiteElo "1757"]
[BlackElo "1667"]
[PlyCount "67"]
[EventDate "2024.08.10"]
[WhiteTeam "Schach Nienberge 2003 e. V."]
[BlackTeam "SV Empor Berlin e.V."]

1. e4 c5 2. Nc3 Nc6 3. f4 g6 4. Nf3 Bg7 5. a4 b6 6. Bc4 e6 7. Qe2 Nge7 8. Nb5
O-O 9. Nd6 Qc7 10. e5 f6 11. Nxc8 Raxc8 12. exf6 Rxf6 13. d3 d5 14. Bb3 e5 15.
fxe5 Rxf3 16. gxf3 Nd4 17. Qf2 Rf8 18. f4 Bxe5 19. O-O Bxf4 20. Bxf4 Rxf4 21.
Qg2 Nxb3 22. cxb3 Rd4 23. Rae1 Qd7 24. Kh1 Nf5 25. Re5 Kf7 26. Qh3 Kf6 27. Rfe1
h5 28. Qf1 Rb4 29. Qe2 Rxb3 30. Re6+ Kf7 31. Qe5 Qd8 32. Re8 Qd7 33. Qh8 Rxd3
34. Qf8# 1-0

[Event "Lichtenberger Sommer 2024"]
[Site "Berlin"]
[Date "2024.08.17"]
[Round "8.75"]
[White "Luetzenberg, Fabian"]
[Black "Kandeler, Christian"]
[Result "0-1"]
[WhiteElo "1680"]
[BlackElo "1869"]
[PlyCount "78"]
[EventDate "2024.08.10"]
[WhiteTeam "vereinslos"]
[BlackTeam "TSG Oberschöneweide e.V."]

1. d4 Nf6 2. c4 g6 3. g3 c6 4. Bg2 d5 5. cxd5 cxd5 6. Nc3 Bg7 7. Nf3 O-O 8. O-O
Ne4 9. e3 Nc6 10. Nd2 Nf6 11. b3 Bf5 12. Ba3 Qa5 13. Bb2 Nb4 14. e4 Nxe4 15.
Ndxe4 dxe4 16. Bxe4 Bxe4 17. Nxe4 Nc6 18. Qd3 Rad8 19. Bc3 Qf5 20. Qe3 Nxd4 21.
Kg2 Nc2 22. Qf4 Qxf4 23. gxf4 Bxc3 24. Rac1 Bd2 25. Rxc2 Bxf4 26. Rc4 Be5 27.
f4 Bd4 28. Rc7 b5 29. Rxe7 Rfe8 30. Rxe8+ Rxe8 31. Nd6 Re2+ 32. Kg3 b4 33. Rc1
Bc3 34. Nb5 a6 35. Nxc3 Re3+ 36. Kg4 Rxc3 37. Re1 Rc2 38. Kg5 Kg7 39. f5 Rg2+
0-1